Buda és Pest grafikus ...
| Format: | Book |
|---|---|
| Language: | Undetermined |
| PhysicalDescription: | 85 s. |
| Published: |
[Budapest
Fővárosi nyilvános könyvtár
1936]
|
MARC
| LEADER | 00000nam a2200000 a 4500 | ||
|---|---|---|---|
| 001 | vtls001378772 | ||
| 003 | SK-MaSNL | ||
| 005 | 20260224153934.0 | ||
| 008 | 991206s1936 xx 0 und | ||
| 035 | |a SNK000332739 | ||
| 040 | |a SNK |b slo |c SNK |e AACR2 | ||
| 245 | 1 | |a Buda és Pest grafikus ... | |
| 260 | |a [Budapest |b Fővárosi nyilvános könyvtár |c 1936] | ||
| 300 | |a 85 s. | ||
| 999 | |c 1065949 |d 1067879 | ||
| 952 | |t P60, <04>, [BOOK], {604} |a SNK |b SNK |y VYP |7 0 |p 17A0220327 |o snkIB 9549 |0 0 |1 0 |4 0 |d 1999-12-06 |l 0 |r 2005-01-02 00:00:00 |w 2026-02-24 | ||


